000 00369 a2200109 4500
001 ART_17124
005 20260410161851.0
008 260409a
245 1 0 _aLa culpabilidad de la empresaen el nuevo régimen penal tributario
100 1 _aBorinsky, Mariano H.
773 0 _tDerecho Penal
_gDelitos económicos - Año II, Nº 4 (abr. 2013)
_wREV10351
999 _c25005
_d25005